Understanding the Great Commission / (Record no. 8735)

MARC details
000 -LEADER
fixed length control field 01553nam a22002537a 4500
003 - CONTROL NUMBER IDENTIFIER
control field GBCCL
005 - DATE AND TIME OF LATEST TRANSACTION
control field 20241126110657.0
008 - FIXED-LENGTH DATA ELEMENTS--GENERAL INFORMATION
fixed length control field 210922b ||||| |||| 00| 0 eng d
020 ## - INTERNATIONAL STANDARD BOOK NUMBER
International Standard Book Number 9781433688942
020 ## - INTERNATIONAL STANDARD BOOK NUMBER
International Standard Book Number 1433688948
040 ## - CATALOGING SOURCE
Transcribing agency GBC
082 ## - DEWEY DECIMAL CLASSIFICATION NUMBER
Classification number 262
Item number CHU
100 ## - MAIN ENTRY--PERSONAL NAME
Personal name Denver, Mark
9 (RLIN) 15408
245 ## - TITLE STATEMENT
Title Understanding the Great Commission /
Statement of responsibility, etc. series editor, Jonathan Leeman, author, Mark Denver.
260 ## - PUBLICATION, DISTRIBUTION, ETC.
Place of publication, distribution, etc. Nashville, Tennessee :
Name of publisher, distributor, etc. B & H Publishing Group,
Date of publication, distribution, etc. [2016]
300 ## - PHYSICAL DESCRIPTION
Extent vi, 61 pages ;
Dimensions 18 cm.
440 ## - SERIES STATEMENT/ADDED ENTRY--TITLE
Title Church basics
9 (RLIN) 15402
505 ## - FORMATTED CONTENTS NOTE
Formatted contents note How did the apostles and the churches of the New Testament obey the Great Commission? By gathering Christians together in churches. The church is God's plan for evangelism, discipleship, and the Great Commission. This connection between the Great Commission and the church dramatically impacts how both leaders and members should think about their work of making disciples. We do it together.
505 ## - FORMATTED CONTENTS NOTE
Formatted contents note The Great Commission, you, and the local church --<br/>God's Word, God's people --<br/>Heaven's love, heaven's truth, heaven's people --<br/>Preach the gospel, gather a church --<br/>Teaching with correction and oversight --<br/>Membership and a self-conscious commitment --<br/>Four practices of a Great Commission church --<br/>One more practice of a Great Commission church --<br/>Should you stay or go? --<br/>The grand goal of the Great Commission.
650 ## - SUBJECT ADDED ENTRY--TOPICAL TERM
Topical term or geographic name entry element Great Commission (Bible)
9 (RLIN) 5893
650 ## - SUBJECT ADDED ENTRY--TOPICAL TERM
Topical term or geographic name entry element Evangelistic work.
9 (RLIN) 290
650 ## - SUBJECT ADDED ENTRY--TOPICAL TERM
Topical term or geographic name entry element Mission of the church.
9 (RLIN) 50
942 ## - ADDED ENTRY ELEMENTS (KOHA)
Source of classification or shelving scheme Dewey Decimal Classification
Koha item type Books
Koha issues (borrowed), all copies 1
Holdings
Withdrawn status Lost status Source of classification or shelving scheme Damaged status Not for loan Home library Current Library Shelving location Date acquired Total checkouts Full call number Barcode Date last seen Date last checked out Copy number Price effective from Koha item type
    Dewey Decimal Classification     GRACE BIBLE COLLEGE GRACE BIBLE COLLEGE Ministry & Mission 2021-09-22 3 262 CHU 015187 2026-02-09 2026-02-05 c.1 2021-09-22 Books
© Grace Bible College Library 2025